| 000 | 02576cam a2200325 i 4500 | ||
|---|---|---|---|
| 001 | a38973837 | ||
| 003 | SIRSI | ||
| 005 | 20250702100849.0 | ||
| 008 | 210810t20222022enk b 001 0 eng d | ||
| 020 | _a9781509543588 | ||
| 035 | _a(OCoLC)1263257944 | ||
| 040 |
_aYDX _beng _erda _cYDX _dBDX _dUKMGB _dOCLCO _dOCLCF _dCDX _dYDX _dQGK _dCIA _dTOH _dSHS _dOCL _dUtOrBLW |
||
| 041 | _aeng | ||
| 050 | 4 |
_aP96.D36 _bM66 2022 |
|
| 100 |
_aMonaco, Nick _eauthor _925615 |
||
| 245 | 1 | 0 |
_aBots _c/ Nick Monaco, Samuel Woolley. |
| 260 |
_aCambridge, MA : _bPolity Press, _c2022. |
||
| 300 |
_aviii, 198 pages ; _c22 cm. |
||
| 490 | _aDigital media and society series | ||
| 504 | _aIncludes bibliographical references (pages 159-187) and index. | ||
| 505 | 0 | _aWhat is a bot? — Bots and social life — Bots and political life — Bots and commerce — Bots and artificial intelligence — Theorizing the bot — Conclusion: The future of bots. | |
| 520 | 8 | _aBots – automated software applications programmed to perform tasks online – have become a feature of our everyday lives, from helping us navigate online systems to assisting us with online shopping. Yet, despite enabling internet users, bots are increasingly associated with disinformation and concerning political intervention. In this ground-breaking book, Monaco and Woolley offer the first comprehensive overview of the history of bots, tracing their varied applications throughout the past sixty years and bringing to light the astounding influence these computer programs have had on how humans understand reality, communicate with each other, and wield power. Drawing upon the authors' decade of experience in the field, this book examines the role bots play in politics, social life, business, and artificial intelligence. Despite bots being a fundamental part of the web since the early 1990s, the authors reveal how the socially oriented ones continue to play an integral role in online communication globally, especially as our daily lives become increasingly automated. This timely book is essential reading for students and scholars in Media and Communication Studies, Sociology, Politics, and Computer Science, as well as general readers with an interest in technology and public affairs. | |
| 650 | 0 |
_aMass media _xTechnological innovations _925616 |
|
| 650 | 0 |
_aHuman-computer interaction _925617 |
|
| 650 | 0 |
_aArtificial Intelligence _914147 |
|
| 650 | 0 |
_aApplication software _925618 |
|
| 650 | 0 |
_aGenerators (Computer programs) _925619 |
|
| 700 |
_aWoolley, Samuel C. _eauthor _925620 |
||
| 942 | _2lcc | ||
| 999 |
_c4806 _d4806 |
||